| 000 | 00644nam a2200181 i 4500 | ||
|---|---|---|---|
| 001 | 165870 | ||
| 003 | ES-MaACL | ||
| 005 | 20230906213224.0 | ||
| 008 | 011030n1898 sp |||| | spa d | ||
| 040 |
_aCYL _bspa _cCYL |
||
| 100 | 1 |
_aSudermann, Hermann. _9108717 |
|
| 245 | 1 | 3 |
_aEl deseo _b: novela / _cHermann Sudermann ; traducción de Constantino Piquer. |
| 260 |
_aValencia : _bF. Sempere : _b[El Pueblo, _ch. 1898] |
||
| 300 |
_a219 p. ; _c18 cm. |
||
| 595 | _aDel texto se deduce que esta obra pertenece al s. XIX. | ||
| 700 | 1 |
_aPiquer, Constantino. _9131177 |
|
| 852 |
_aES-MaACL _jD-1006 _z- Rúst. _x-- Completar T260: (El Pueblo) |
||
| 999 |
_c165870 _d165870 |
||